| 000 | 00948nam a22002057a 4500 | ||
|---|---|---|---|
| 999 |
_c1138 _d1138 |
||
| 003 | AR-CdUCM | ||
| 008 | 190226b ||||| |||| 00| 0 spa d | ||
| 040 |
_aMUNICIPALIDAD PROVINCIAL DEL CUSCO _cBIBLIOTECA MUNICIPAL DEL CUSCO |
||
| 082 |
_a338.01 / _bSA26 |
||
| 100 |
_aPhilip Sargant, Florence _94470 |
||
| 245 |
_aEconomía y sociología de la industria : _bUn análisis realista del desarrollo / |
||
| 260 |
_aBarcelona : _bEdiciones Oikos-tau, _c1966. |
||
| 300 |
_a306 paginas ; _c22 cm. |
||
| 505 | _aTendencias económicas en el desarrollo industrial -- Economía y sociología de la movilización y de la movilidad -- La escala de la organización: capacidades e incentivos -- Economía y sociología del gobierno industrial -- La industria de los países subdesarrollados ... | ||
| 650 |
_aIndustrias _94471 |
||
| 650 |
_aAspectos economicos _9261 |
||
| 650 |
_aAdministración _94472 |
||
| 942 |
_2ddc _cLIBROS |
||
| 945 |
_arum _d2019-02-26 |
||